Lessons to be learnt from across the pond (Record no. 113107)

MARC details
000 -LEADER
fixed length control field 00939cad a22002535a 4500
001 - CONTROL NUMBER
control field L154690
008 - FIXED-LENGTH DATA ELEMENTS--GENERAL INFORMATION
fixed length control field 120113s2012 xxkqr p 0 a0eng u
035 ## - SYSTEM CONTROL NUMBER
System control number (Sirsi) u154690
041 0# - LANGUAGE CODE
Language code of text/sound track or separate title eng
100 1# - MAIN ENTRY--PERSONAL NAME
Personal name Frame, Shona
245 00 - TITLE STATEMENT
Title Lessons to be learnt from across the pond
Remainder of title first BIM dispute in the US
Medium [electronic resource]
260 ## - PUBLICATION, DISTRIBUTION, ETC.
Place of publication, distribution, etc. [S.l.]
Name of publisher, distributor, etc. MacRoberts LLP
Date of publication, distribution, etc. 2011
520 ## - SUMMARY, ETC.
Summary, etc. This article discusses the first American dispute involving BIM.
590 ## - LOCAL NOTE (RLIN)
Local note KA NTK
650 24 - SUBJECT ADDED ENTRY--TOPICAL TERM
Topical term or geographic name entry element BUILDING INFORMATION MODELLING
650 24 - SUBJECT ADDED ENTRY--TOPICAL TERM
Topical term or geographic name entry element BIM
9 (RLIN) 6219
651 #4 - SUBJECT ADDED ENTRY--GEOGRAPHIC NAME
Geographic name United States
Chronological subdivision 1959-
690 ## - LOCAL SUBJECT ADDED ENTRY--TOPICAL TERM (OCLC, RLIN)
Topical term or geographic name as entry element BIM
9 (RLIN) 6219
690 ## - LOCAL SUBJECT ADDED ENTRY--TOPICAL TERM (OCLC, RLIN)
Topical term or geographic name as entry element Dispute resolution
9 (RLIN) 6236
700 1# - ADDED ENTRY--PERSONAL NAME
Personal name Baillie, Margaret
710 1# - ADDED ENTRY--CORPORATE NAME
Corporate name or jurisdiction name as entry element MacRoberts
9 (RLIN) 3526
856 40 - ELECTRONIC LOCATION AND ACCESS
Uniform Resource Identifier <a href="https://www.mondaq.com/x/159874/Building+Construction/Lessons+To+Be+Learnt+From+Across+The+Pond+First+BIM+Dispute+In+The+US&email_access=on">https://www.mondaq.com/x/159874/Building+Construction/Lessons+To+Be+Learnt+From+Across+The+Pond+First+BIM+Dispute+In+The+US&email_access=on</a>
Public note View the article free of charge at www.mondaq.com
942 ## - ADDED ENTRY ELEMENTS (KOHA)
Suppress in OPAC 0
Holdings
Withdrawn status Lost status Source of classification or shelving scheme Damaged status Not for loan Home library Current library Shelving location Date acquired Total Checkouts Full call number Barcode Date last seen Copy number Price effective from Koha item type
    Dewey Decimal Classification     Virtual Virtual Online 13/01/2012   ONLINE PUBLICATION 154690-2001 06/08/2019 1 06/08/2019 Book